| 000 | 00000nas 2200000za 4500 |
| 001 | 9.500681 |
| 003 | CaOODSP |
| 005 | 20200813121811 |
| 007 | cr ||||||||||| |
| 008 | 150406d19891989xxc|| m o||||f| |0eng|d |
| 040 | |aCaOODSP|beng |
| 041 | |aeng |
| 041 | |afre |
| 043 | |an-cn--- |
| 086 | 1 |aCS92-N0060-PDF |
| 245 | 00|aNational census test |h[electronic resource] |
| 260 | |aOttawa - Ontario : |bStatistics Canada |
| 310 | |aIrregular |
| 362 | 1 |a[No. 1 - ; 1989- ] |
| 500 | |aHistorical census publication digitized by Statistics Canada. |
| 690 | 07|aCensus|2gcpds |
| 690 | 07|aTesting|2gcpds |
| 710 | 2 |aStatistics Canada. |
| 792 | |tTest du recensement national |efre|w(CaOODSP)9.500682 |